Heat pump and refrigeration systems design, analysis, and applications, 1994 : presented at 1994 International Mechanical Engineering Congress and Exposition, Chicago, Illinois, November 6-11, 1994 /

Bibliographic Details
Corporate Authors: International Mechanical Engineering Congress and Exposition, American Society of Mechanical Engineers. Advanced Energy Systems Division
Other Authors: Den Braven, Karen R., Mei, V. C. (Vince C.)
Format: Conference Proceeding Book
Language:English
Published: New York : American Society of Mechanical Engineers, [1994]
Series:AES (Series) ; vol. 32.
Subjects:

MARC

Tag First Indicator Second Indicator Subfields
LEADER 00000cam a2200000 a 4500
001 in00001313821
005 20151005070357.0
008 940915s1994 nyua b 101 0 eng d
010 |a  94078970  
020 |a 0791813983 
035 |a (OCoLC)31693053 
035 |9 AHC1086AM 
040 |a ViBlbV  |c DLC  |d TXA  |d UtOrBLW 
042 |a lccopycat 
049 |a TXAM 
050 0 0 |a TJ262  |b .H36 1994 
082 0 0 |a 621.402/5  |2 20 
090 |a TJ262  |b .H38 1994 
245 0 0 |a Heat pump and refrigeration systems design, analysis, and applications, 1994 :  |b presented at 1994 International Mechanical Engineering Congress and Exposition, Chicago, Illinois, November 6-11, 1994 /  |c sponsored by the Advanced Energy Systems Division, ASME ; edited by K.R. Den Braven, Vince Mei. 
264 1 |a New York :  |b American Society of Mechanical Engineers,  |c [1994] 
264 4 |c ©1994 
300 |a v, 77 pages :  |b illustrations ;  |c 28 cm. 
336 |a text  |b txt  |2 rdacontent 
337 |a unmediated  |b n  |2 rdamedia 
338 |a volume  |b nc  |2 rdacarrier 
490 1 |a AES ;  |v vol. 32 
504 |a Includes bibliographical references and index. 
650 0 |a Heat pumps  |v Congresses. 
650 0 |a Refrigeration and refrigerating machinery  |v Congresses. 
700 1 |a Den Braven, Karen R. 
700 1 |a Mei, V. C.  |q (Vince C.) 
711 2 |a International Mechanical Engineering Congress and Exposition  |d (1994 :  |c Chicago, Ill.) 
710 2 |a American Society of Mechanical Engineers.  |b Advanced Energy Systems Division. 
830 0 |a AES (Series) ;  |v vol. 32. 
999 |a MARS 
999 f f |s dc08bad9-6326-37c0-9649-95371e1331ed  |i 8233714b-e5df-3aa1-b2d2-44f49be0c459  |t 0 
952 f f |p ric  |a Texas A&M University  |b Rellis Campus  |c Joint Library Facility  |d Remote Storage  |t 0  |e TJ262 .H38 1994  |h Library of Congress classification  |i unmediated -- volume  |m A14820325207 
998 f f |a TJ262 .H38 1994  |t 0  |l Remote Storage